LOTR: Trinkets of Middle-Earth: the Ring of Barahir - Statistics

General Stats
  • This quiz has been taken 60 times
  • The average score is 19 of 42
Answer Stats
Answer % Correct
Aragorn
94%
Barahir
82%
Beren
82%
Elrond
79%
Elros Tar-Minyatur
76%
Elendil
73%
Finrod Felagund
73%
Isildur
73%
Tar-Elendil
73%
Dior
70%
Elwing
70%
Arwen
67%
Amandil
55%
Tar-Amandil
55%
Arvedui
52%
Valandil (King of Arnor)
45%
Valandil (Lord of Andúnië)
45%
Vardamir
39%
Argeleb I
36%
Argeleb II
36%
Arveleg I
36%
Arveleg II
36%
Ëarendur
36%
Ëarendur
36%
Silmariën
36%
Amlaith (King of Arthedain)
27%
Beleg
27%
Númendil
27%
Arantar
24%
Araphant
24%
Araphor
24%
Arvegil
24%
Celebrindor
24%
Eldacar
24%
Elendur
24%
Mallor
24%
Valandur
24%
Araval
21%
Celepharn
21%
Malvegil
21%
Tarcil
21%
Tarondor
21%
No matching quizzes found
Score Distribution
Percent of People with Each Score
Percentile by Number Answered
Your Score History
You have not taken this quiz